Podnikatelská strategie a její počítačová podpora. Systém STRATEX.

Úspešný rozvoj firmy v podmienkach trhovej ekonomiky vyžaduje kvalitnú prípravu a spracovanie podnikateľskej stratégie. Významným pomocníkom pri tejto činnosti je pružná podpora prípravy podnikateľskej stratégie. Jej analýzu a hodnotenie uľahčuje napr. systém STRATEX. Prednosťou tohto systému je jeh...

Descrizione completa

Salvato in:
Dettagli Bibliografici
Autore principale: Fotr, J.
Natura: Capitolo di libro
Lingua:ceco
Soggetti:
Tags: Aggiungi Tag
Nessun Tag, puoi essere il primo ad aggiungerne!!

MARC

LEADER 00000naa a2200000 4500
001 r013172
005 20221213082513.7
041 0 |a cze 
044 |a CZ 
245 1 0 |a Podnikatelská strategie a její počítačová podpora.  |b Systém STRATEX.  |c J. Fotr 
520 |a Úspešný rozvoj firmy v podmienkach trhovej ekonomiky vyžaduje kvalitnú prípravu a spracovanie podnikateľskej stratégie. Významným pomocníkom pri tejto činnosti je pružná podpora prípravy podnikateľskej stratégie. Jej analýzu a hodnotenie uľahčuje napr. systém STRATEX. Prednosťou tohto systému je jeho pružné prenášanie zmien vstupných údajov do výstupov systému. 
610 2 0 |a stratégia podniková 
610 2 0 |a podnikanie 
610 2 0 |a vývoj podniku 
610 2 0 |a analýza hodnotová 
610 2 0 |a financie podnikové 
610 2 0 |a STRATEX 
610 2 0 |a systémy informačné podnikové 
100 1 |a Fotr, J.